[Event "AUTO-INT-1694"]
[Site "http://www.queenalice.com/game.php?id=773239"]
[Date "2010.5.9"]
[Round "1"]
[White "karplak3"]
[Black "Mazuk"]
[Result "0-1"]
[WhiteElo "1625"]
[BlackElo "1427"]

1. e4 e5 2. Nf3 Nc6 3. Bb5 Nf6 4. O-O Nxe4 5. Re1 Nf6 6. Nc3 d6 7. Nd4 Bd7 8.
Nxc6 bxc6 9. Ba4 Nd5 10. Qf3 Be7 11. Nxd5 cxd5 12. Bxd7+ Qxd7 13. Qxd5 O-O 14.
Rxe5 c6 15. Qd4 Bf6 16. Re7 Qxe7 17. Qg4 Qe1# 0-1

[Event "AUTO-INT-1694"]
[Site "http://www.queenalice.com/game.php?id=773262"]
[Date "2010.5.9"]
[Round "1"]
[White "karplak3"]
[Black "francksc"]
[Result "0-1"]
[WhiteElo "1614"]
[BlackElo "1480"]

1. e4 e5 2. Nf3 d6 3. d4 f6 4. dxe5 fxe5 5. Nxe5 dxe5 6. Qh5+ g6 7. Qxe5+ Qe7 8.
Qxh8 Qxe4+ 9. Be2 Qxg2 10. Qe5+ Ne7 11. Rf1 Nc6 12. Bc4 Nxe5 0-1

[Event "AUTO-INT-1694"]
[Site "http://www.queenalice.com/game.php?id=773263"]
[Date "2010.5.9"]
[Round "1"]
[White "francksc"]
[Black "karplak3"]
[Result "0-1"]
[WhiteElo "1495"]
[BlackElo "1602"]

1. e4 e5 2. d3 d5 3. f3 Nf6 4. Bd2 Nc6 5. f4 dxe4 6. dxe4 Nxe4 7. fxe5 Qh4+ 8.
g3 Nxg3 9. hxg3 Qxg3+ 10. Ke2 Nd4# 0-1

[Event "AUTO-INT-1695"]
[Site "http://www.queenalice.com/game.php?id=773534"]
[Date "2010.5.10"]
[Round "1"]
[White "raven225"]
[Black "karplak3"]
[Result "1-0"]
[WhiteElo "1542"]
[BlackElo "1631"]

1. e4 e5 2. Nf3 Nc6 3. d4 exd4 4. Nxd4 Nf6 5. Nxc6 bxc6 6. Nc3 d6 7. Bg5 h6 8.
Bh4 Be7 9. Bd3 Bg4 10. f3 Bh5 11. O-O O-O 12. g4 Bg6 13. Qe1 d5 14. Rd1 d4 15.
Ne2 Qd7 16. Nf4 Nxg4 17. fxg4 Rfe8 18. h3 Bxh4 19. Qxh4 Re5 20. Rde1 Qd6 21.
Nxg6 Qxg6 22. Rf5 Rae8 23. Qg3 1-0

[Event "AUTO-INT-1695"]
[Site "http://www.queenalice.com/game.php?id=773535"]
[Date "2010.5.10"]
[Round "1"]
[White "karplak3"]
[Black "raven225"]
[Result "0-1"]
[WhiteElo "1617"]
[BlackElo "1659"]

1. e4 c5 2. Nf3 Nc6 3. d4 cxd4 4. Nxd4 g6 5. Nxc6 bxc6 6. Nc3 Bg7 7. Bc4 e6 8.
O-O Ne7 9. Bg5 f6 10. Bh4 O-O 11. Re1 d5 12. exd5 cxd5 13. Bb3 Qb6 14. Nxd5 Nxd5
15. Qf3 Bb7 16. c3 g5 17. c4 Nf4 18. c5 Qa6 19. Bg3 Bxf3 0-1

[Event "AUTO-INT-1695"]
[Site "http://www.queenalice.com/game.php?id=773548"]
[Date "2010.5.10"]
[Round "1"]
[White "Markan"]
[Black "karplak3"]
[Result "0-1"]
[WhiteElo "1565"]
[BlackElo "1616"]

1. e4 e5 2. Nf3 Nc6 3. d3 Bb4+ 4. Bd2 Qe7 5. a3 Bc5 6. Nc3 Nd4 7. Nd5 Nxf3+ 8.
Qxf3 Qd6 9. g3 c6 10. Ne3 Nf6 11. Nf5 Qf8 12. Bg5 h6 13. Bxf6 gxf6 14. Nh4 d6
15. Qxf6 d5 16. Qxe5+ Be6 17. Bh3 Bxf2+ 18. Kxf2 Qc5+ 19. Kf3 dxe4+ 20. dxe4
Qxe5 21. Bxe6 Qxe6 22. Rhf1 O-O-O 23. Nf5 Rhe8 24. Rfe1 Qf6 25. Kg2 Qxb2 0-1

[Event "AUTO-INT-1695"]
[Site "http://www.queenalice.com/game.php?id=773549"]
[Date "2010.5.10"]
[Round "1"]
[White "karplak3"]
[Black "Markan"]
[Result "1-0"]
[WhiteElo "1593"]
[BlackElo "1578"]

1. e4 e5 2. Nf3 d6 3. d4 Nf6 4. dxe5 Nxe4 5. Qe2 d5 6. Nbd2 Nxd2 7. Bxd2 Be6 8.
O-O-O g6 9. Bg5 Be7 10. Bxe7 Qxe7 11. Nd4 c5 12. Nxe6 Qxe6 13. Qb5+ Qc6 14. Qa5
b6 15. Qd2 d4 16. Qh6 Nd7 17. Qg7 Rf8 18. Bc4 Nxe5 19. Qxe5+ Kd8 20. Rhe1 Qd7
21. b4 Rc8 22. Qf6+ Kc7 23. Re7 1-0

[Event "AUTO-INT-1695"]
[Site "http://www.queenalice.com/game.php?id=773556"]
[Date "2010.5.10"]
[Round "1"]
[White "Himotross"]
[Black "karplak3"]
[Result "1-0"]
[WhiteElo "1621"]
[BlackElo "1625"]

1. d4 d5 2. c4 e6 3. e3 Nc6 4. Nf3 Be7 5. Nc3 Nf6 6. Be2 b6 7. cxd5 exd5 8. Bb5
Bb7 9. O-O O-O 10. Re1 Ne4 11. a3 a6 12. Bd3 Ng5 13. Nxg5 Bxg5 14. b3 Qf6 15.
Nxd5 Qd6 16. Nc3 Ne7 17. Ne4 Qh6 18. Qg4 Bxe4 19. Qxe4 Rfe8 20. Bb2 Bf6 21. Rac1
c5 22. Bc3 cxd4 23. Bxd4 Ng6 24. Qc6 Bxd4 25. exd4 Rac8 26. Rxe8+ Rxe8 27. Qxe8+
Nf8 28. Rc8 g6 29. d5 g5 30. Bxh7+ 1-0

[Event "AUTO-INT-1695"]
[Site "http://www.queenalice.com/game.php?id=773557"]
[Date "2010.5.10"]
[Round "1"]
[White "karplak3"]
[Black "Himotross"]
[Result "0-1"]
[WhiteElo "1645"]
[BlackElo "1549"]

1. e4 g6 2. Nf3 Bg7 3. d4 e6 4. e5 Ne7 5. Bg5 O-O 6. Bc4 Nbc6 7. O-O h6 8. Bf6
Bxf6 9. exf6 Nf5 10. Nc3 Qxf6 11. Re1 Nfxd4 12. Nxd4 Qxd4 13. Re4 Qxd1+ 14. Rxd1
d5 15. Red4 Nxd4 0-1

[Event "AUTO-INT-1705"]
[Site "http://www.queenalice.com/game.php?id=778740"]
[Date "2010.5.21"]
[Round "1"]
[White "Tal0n"]
[Black "karplak3"]
[Result "0-1"]
[WhiteElo "1579"]
[BlackElo "1609"]

1. e4 e5 2. d4 exd4 3. Qxd4 d6 4. f4 Nc6 5. Qa4 Bd7 6. e5 dxe5 7. fxe5 Nxe5 8.
Qb3 Qh4+ 9. Qg3 Qe4+ 10. Qe3 Nf6 11. Qxe4 Nxe4 12. Bf4 Bd6 13. Bxe5 Bxe5 14. Nc3
Nxc3 15. bxc3 Bxc3+ 16. Kd1 Bxa1 17. Nf3 Bc6 18. Ne5 Bxe5 19. Rg1 Rd8+ 20. Bd3
O-O 21. Re1 Bf4 22. g3 Bf3+ 23. Re2 Rfe8 24. Ke1 Rxe2+ 0-1

[Event "AUTO-INT-1705"]
[Site "http://www.queenalice.com/game.php?id=778741"]
[Date "2010.5.21"]
[Round "1"]
[White "karplak3"]
[Black "Tal0n"]
[Result "1/2-1/2"]
[WhiteElo "1604"]
[BlackElo "1600"]

1. e4 d5 2. exd5 Qxd5 3. Nc3 Qe6+ 4. Be2 Nd7 5. Nf3 Qg6 6. d4 Qxg2 7. Rf1 Ngf6
8. Rg1 Qh3 9. Bf4 Ng4 10. Rg3 Qh5 11. Ne5 Ndxe5 12. dxe5 Qxh2 13. Bxg4 Bxg4 14.
Rxg4 Qh1+ 15. Ke2 Qh5 16. f3 e6 17. Qd3 Bc5 18. Rxg7 Qh4 19. Rag1 Qf2+ 20. Kd1
Qh4 21. Rg8+ Ke7 22. Bg5+ Qxg5 23. R1xg5 Rhxg8 24. Qd2 Rgd8 25. Qxd8+ Rxd8+ 26.
Ke2 f6 27. Rg7+ Kf8 28. Rxc7 Bd4 29. f4 Bxc3 30. bxc3 Kg8 31. exf6 Rf8 32. Rxb7
h5 33. Rg7+ Kh8 34. Rxa7 h4 35. Kf3 Rxf6 36. Kg4 Rh6 37. Kh3 Rh5 38. c4 e5 39.
fxe5 Rxe5 40. Kxh4 Rc5 41. Ra4 Kg7 42. Kg4 Rc8 43. Ra7+ Kf6 44. Kf4 Rxc4+ 45.
Ke3 Rxc2 46. Kd3 Rc6 47. a4 Ke6 48. Kd4 Kd6 49. Rh7 Rc1 50. Ra7 Kc6 51. Ra6+ Kb7
52. Rh6 Ra1 53. Kc5 1/2-1/2

[Event "Verdebranco"]
[Site "http://www.queenalice.com/game.php?id=779569"]
[Date "2010.5.24"]
[Round "-"]
[White "Jorgecas"]
[Black "karplak3"]
[Result "1-0"]
[WhiteElo "1526"]
[BlackElo "1624"]

1. e4 e5 2. Qf3 Nf6 3. Bc4 Nc6 4. c3 d5 5. Bxd5 Nxd5 6. exd5 Ne7 7. c4 c6 8. d3
cxd5 9. c5 Qa5+ 10. Bd2 Qxc5 11. Bc3 d4 12. a4 dxc3 13. bxc3 Qxc3+ 14. Nxc3 1-0

[Event "Challenge"]
[Site "http://www.queenalice.com/game.php?id=784284"]
[Date "2010.6.2"]
[Round "-"]
[White "Jorgecas"]
[Black "karplak3"]
[Result "0-1"]
[WhiteElo "1533"]
[BlackElo "1604"]

1. e4 e5 2. Qf3 Nf6 3. d3 Nc6 4. c3 d5 5. exd5 Nxd5 6. d4 Nxc3 7. Nxc3 Nxd4 8.
Qe4 Bd6 9. Nf3 Nxf3+ 10. Qxf3 O-O 11. Qg3 e4 12. Qe3 Re8 13. Bc4 Bg4 14. h3 Be6
15. Be2 Bf5 16. O-O Bb4 17. Nb5 c6 18. Qf4 Bg6 19. Nc7 Bd6 20. Qe3 Bxc7 21. g3
Qf6 22. Bg4 Rad8 23. Bd2 Qxb2 24. Rad1 Bb6 25. Qb3 Rxd2 26. Qxb2 Rxb2 27. Rd7 h5
28. Bd1 e3 29. Be2 exf2+ 30. Rxf2 Rbxe2 31. Rxf7 Re1+ 32. Kg2 Be4+ 33. R7f3
Bxf3+ 34. Rxf3 Rg1+ 35. Kh2 Re2+ 36. Rf2 Bxf2 37. h4 Be3+ 38. Kh3 Rh1# 0-1